Catalog

Record Details

Catalog Search



Transactions on Edutainment X Cover Image E-book E-book

Transactions on Edutainment X [electronic resource] / edited by Zhigeng Pan, Adrian David Cheok, Wolfgang Müller, Ido Iurgel, Paolo Petta, Bodo Urban.

Pan, Zhigeng. (editor.). Cheok, Adrian David. (editor.). Müller, Wolfgang. (editor.). Iurgel, Ido. (editor.). Petta, Paolo. (editor.). Urban, Bodo. (editor.). SpringerLink (Online service) (Added Author).

Record details

  • ISBN: 9783642379192
  • Physical Description: XII, 269 p. 96 illus. online resource.
  • Publisher: Berlin, Heidelberg : Springer Berlin Heidelberg : 2013.
Subject: Computer science.
Education.
Computer Science.
Computers and Education.
User Interfaces and Human Computer Interaction.
Personal Computing.

Electronic resources


LDR 01819nam a22004695i 4500
00132954
003CONS
00520130727080235.0
007cr nn 008mamaa
008130405s2013 gw | s |||| 0|eng d
020 . ‡a9783642379192 ‡9978-3-642-37919-2
0247 . ‡a10.1007/978-3-642-37919-2 ‡2doi
035 . ‡a(DE-He213)978-3-642-37919-2
050 4. ‡aLB1028.43-1028.75
072 7. ‡aJNV ‡2bicssc
072 7. ‡aEDU039000 ‡2bisacsh
072 7. ‡aCOM023000 ‡2bisacsh
1001 . ‡aPan, Zhigeng. ‡eeditor.
24510. ‡aTransactions on Edutainment X ‡h[electronic resource] / ‡cedited by Zhigeng Pan, Adrian David Cheok, Wolfgang Müller, Ido Iurgel, Paolo Petta, Bodo Urban.
264 1. ‡aBerlin, Heidelberg : ‡bSpringer Berlin Heidelberg : ‡bImprint: Springer, ‡c2013.
300 . ‡aXII, 269 p. 96 illus. ‡bonline resource.
336 . ‡atext ‡btxt ‡2rdacontent
337 . ‡acomputer ‡bc ‡2rdamedia
338 . ‡aonline resource ‡bcr ‡2rdacarrier
347 . ‡atext file ‡bPDF ‡2rda
4901 . ‡aLecture Notes in Computer Science, ‡x0302-9743 ; ‡v7775
650 0. ‡aComputer science.
650 0. ‡aEducation.
65014. ‡aComputer Science.
65024. ‡aComputers and Education.
65024. ‡aUser Interfaces and Human Computer Interaction.
65024. ‡aPersonal Computing.
7001 . ‡aCheok, Adrian David. ‡eeditor.
7001 . ‡aMüller, Wolfgang. ‡eeditor.
7001 . ‡aIurgel, Ido. ‡eeditor.
7001 . ‡aPetta, Paolo. ‡eeditor.
7001 . ‡aUrban, Bodo. ‡eeditor.
7102 . ‡aSpringerLink (Online service)
7730 . ‡tSpringer eBooks
77608. ‡iPrinted edition: ‡z9783642379185
830 0. ‡aLecture Notes in Computer Science, ‡x0302-9743 ; ‡v7775
85640. ‡uhttp://biblioteca.ipicyt.edu.mx:2048/login?url=http://dx.doi.org/10.1007/978-3-642-37919-2 ‡yTexto completo ‡9CONS
950 . ‡aComputer Science (Springer-11645)
901 . ‡a32954 ‡b ‡c32954 ‡tbiblio ‡sSystem Local

Additional Resources